000 00669nam a2200241Ia 4500
003 OSt
005 20220928104733.0
006 a|||||r|||| 00| 0
007 ta
008 220927b |||||||| |||| 00| 0 eng d
024 _a34015
037 _cTextual
040 _aSDCL
_cSDCL
_beng
041 _2eng
_aeng
082 _aQ25x1,1, P5
100 _aSamkara-Bhagvatpadacarya
_9411764
245 0 _aSaundaryalahari.
260 _aNew Delhi
_bNag Pulishers
_c2005
300 _a300p.
_ccm.
700 _a Surendra Pratap Ed.
_9411765
942 _hQ25x1,1, P5
_cTEXL
_2CC
999 _c727473
_d727473